[Event "Madrid San Viator op 24th"]
[Site "Madrid"]
[Date "2015.04.26"]
[Round "5"]
[White "Andres Rodriguez, Florencio"]
[Black "De Miguel Martin, Jorge"]
[Result "0-1"]
[WhiteElo "1542"]
[BlackElo "2013"]
[PlyCount "116"]
[EventDate "2015.03.22"]
[EventType "swiss"]
[EventRounds "9"]
[EventCountry "ESP"]
[SourceTitle "EXT 2016"]
[Source "ChessBase"]
[SourceDate "2015.10.08"]
[SourceVersion "1"]
[SourceVersionDate "2015.10.08"]
[SourceQuality "1"]

1. d4 d5 2. c4 Nc6 3. Nf3 e6 4. Nc3 Nf6 5. e3 Ne7 6. Qc2 Ng6 7. h3 c6 8. a4 a5 9. Be2 Bd6 10. e4 dxe4 11. Nxe4 Nxe4 12. Qxe4 0-0 13. 0-0 Re8 14. Be3 Bb8 15. Rfd1 Qc7 16. d5 Qe7 17. Rd2 exd5 18. Qxe7 Nxe7 19. Rad1 Be6 20. Ng5 Bc7 21. Nxe6 fxe6 22. Bg4 Kf7 23. Re2 Ng8 24. Rd3 Nf6 25. cxd5 exd5 26. Rb3 Re7 27. Kf1 Nxg4 28. hxg4 Bd6 29. Bg5 Rxe2 30. Kxe2 Re8+ 31. Kf3 Bb4 32. Be3 c5 33. Bxc5 Bxc5 34. Rxb7+ Re7 35. Rb5 Bb4 36. Rxd5 h6 37. b3 Rc7 38. Rd3 Rc3 39. Ke4 Rxd3 40. Kxd3 Ke6 41. Ke4 g6 42. f4 h5 43. f5+ gxf5+ 44. gxf5+ Kf6 45. Kf4 Bd6+ 46. Ke4 Kg5 47. Kd5 Bb4 48. Ke4 Kg4 49. f6 Kg3 50. Kf5 Kxg2 51. Kg5 Kf3 52. Kxh5 Ke3 53. Kg6 Kd3 54. f7 Kc3 55. Kg7 Kxb3 56. f8Q Bxf8+ 57. Kxf8 Kxa4 58. Ke7 Kb3 0-1